Messages 2

Tallennettuna:
Bibliografiset tiedot
Päätekijä: Goodey, Diana
Aineistotyyppi: Kirja
Kieli:Undetermined
Julkaistu: Cambridge Cambridge University Press 2005
Aiheet:
Tagit: Lisää tagi
Ei tageja, Lisää ensimmäinen tagi!
Thư viện lưu trữ: Trung tâm Học liệu Trường Đại học Cần Thơ
LEADER 00558nam a2200205Ia 4500
001 CTU_94110
008 210402s9999 xx 000 0 und d
020 |c 268000 
082 |a 428.24 
082 |b G649/B.2 
100 |a Goodey, Diana 
245 0 |a Messages 2 
245 0 |c Diana Goodey, Noel Goodey 
260 |a Cambridge 
260 |b Cambridge University Press 
260 |c 2005 
650 |a English language,English language,Listening 
650 |x Spoken English 
904 |i M.Loan 
980 |a Trung tâm Học liệu Trường Đại học Cần Thơ